Building institutions for markets (Record no. 764)

MARC details
000 -LEADER
fixed length control field 01647cam a22003495a 4500
001 - CONTROL NUMBER
control field 7152852
005 - DATE AND TIME OF LATEST TRANSACTION
control field 20210414113929.0
006 - FIXED-LENGTH DATA ELEMENTS--ADDITIONAL MATERIAL CHARACTERISTICS
fixed length control field m d
007 - PHYSICAL DESCRIPTION FIXED FIELD--GENERAL INFORMATION
fixed length control field cr n
008 - FIXED-LENGTH DATA ELEMENTS--GENERAL INFORMATION
fixed length control field 011228s2002 nyua sbs i000 0 eng d
020 ## - INTERNATIONAL STANDARD BOOK NUMBER
International Standard Book Number 0195216067 (pbk.)
040 ## - CATALOGING SOURCE
Original cataloging agency DJB
Transcribing agency DJB
Modifying agency DLC
-- WaSeSS
050 ## - LIBRARY OF CONGRESS CALL NUMBER
Classification number HD76.B54
210 10 - ABBREVIATED TITLE
Abbreviated title Building institutions for markets
245 00 - TITLE STATEMENT
Title Building institutions for markets
Medium [electronic resource].
260 ## - PUBLICATION, DISTRIBUTION, ETC.
Place of publication, distribution, etc. New York :
Name of publisher, distributor, etc. Published for the World Bank, Oxford University Press,
Date of publication, distribution, etc. c2002.
300 ## - PHYSICAL DESCRIPTION
Extent xii, 249 p.:
Other physical details ill
Dimensions 26cm.
440 #0 - SERIES STATEMENT/ADDED ENTRY--TITLE
Title World development report,
International Standard Serial Number 0163-5085 ;
Volume/sequential designation 2002
500 ## - GENERAL NOTE
General note "This Report has been prepared by a team led by Roumeen Islam ..."--P. v.
500 ## - GENERAL NOTE
General note "Selected world development indicators"--P. 229-241.
504 ## - BIBLIOGRAPHY, ETC. NOTE
Bibliography, etc. note Includes bibliographical references (p. [195]-228).
505 ## - FORMATTED CONTENTS NOTE
Formatted contents note Contents: Introduction -- Building institutions: complement, innovate, connect, and compete -- Firms -- Farmers -- Governance of firms -- Financial systems -- Government -- Political institutions and governance -- The Judicial system -- Competition -- Regulation of infrastructure -- Society -- Norms and networks -- The Media.
650 #0 - SUBJECT ADDED ENTRY--TOPICAL TERM
Topical term or geographic name entry element Institution building
Geographic subdivision Developing countries.
651 #0 - SUBJECT ADDED ENTRY--GEOGRAPHIC NAME
Geographic name Developing countries
General subdivision Economic policy.
651 #0 - SUBJECT ADDED ENTRY--GEOGRAPHIC NAME
Geographic name Developing countries
General subdivision Social policy.
700 1# - ADDED ENTRY--PERSONAL NAME
Personal name Islam, Roumeen.
710 2# - ADDED ENTRY--CORPORATE NAME
Corporate name or jurisdiction name as entry element World Bank
773 #0 - HOST ITEM ENTRY
Title World Bank e-Library
856 40 - ELECTRONIC LOCATION AND ACCESS
Uniform Resource Identifier <a href="http://www.columbia.edu/cgi-bin/cul/resolve?clio7152852">http://www.columbia.edu/cgi-bin/cul/resolve?clio7152852</a>
Public note Full text available from World Bank e-Library
910 ## - USER-OPTION DATA (OCLC)
User-option data Library of Congress record
942 ## - ADDED ENTRY ELEMENTS (KOHA)
Source of classification or shelving scheme Library of Congress Classification
Koha item type Books
Holdings
Withdrawn status Lost status Source of classification or shelving scheme Damaged status Not for loan Home library Current library Shelving location Date acquired Total Checkouts Full call number Barcode Date last seen Copy number Price effective from Koha item type
    Library of Congress Classification     WISCONSIN INTERNATIONAL UNIVERSITY COLLEGE, GHANA - MAIN LIBRARY WISCONSIN INTERNATIONAL UNIVERSITY COLLEGE, GHANA - MAIN LIBRARY General Stacks 24/04/2012   HD76.B54 1733/12 24/04/2012 1 24/04/2012 Books
    Library of Congress Classification     WISCONSIN INTERNATIONAL UNIVERSITY COLLEGE, GHANA - MAIN LIBRARY WISCONSIN INTERNATIONAL UNIVERSITY COLLEGE, GHANA - MAIN LIBRARY General Stacks 24/04/2012   HD76.B541 1734/12 24/04/2012 2 24/04/2012 Books

If you have any concerns or questions; kindly contact the library


© Powered by WIUC ICT DIRECTORATE